| 000 | 01395cam a22003493a 4500 | ||
|---|---|---|---|
| 001 | 15309478 | ||
| 003 | OSt | ||
| 005 | 20160409085959.0 | ||
| 008 | 070524s2007 nyu 000 1 eng d | ||
| 010 | _a 2008571715 | ||
| 015 |
_aGBA745082 _2bnb |
||
| 016 | 7 |
_a013767121 _2Uk |
|
| 020 | _a9780739483541 | ||
| 035 | _a(OCoLC)ocn135188197 | ||
| 035 | _a(OCoLC)135188197 | ||
| 040 | _aSEKU | ||
| 050 |
_aPS 3569 _b.S7 |
||
| 100 | 1 | _aStewart, Mariah. | |
| 245 | 1 | 0 |
_aLast look : _ba novel of suspense / _cMariah Stewart. |
| 250 | _aBallantine Books mass-market original [ed.] | ||
| 260 |
_aNew York : _bBallantine Books, _c2007. |
||
| 300 |
_a344, [21] p. ; _c18 cm. |
||
| 520 | _aWhen the body of Shannon Randall, a murdered prostitute, turns up, FBI Special Agent Dorsey Collins and Andrew Shields try to uncover the truth about the woman, supposedly killed more than two decades earlier in a crime for which a man had been executed. | ||
| 610 | 1 | 0 |
_aUnited States. _bFederal Bureau of Investigation. _xOfficials and employees _vFiction. |
| 650 | 0 |
_aMissing persons _xInvestigation _vFiction. |
|
| 650 | 0 |
_aProstitutes _xCrimes against _vFiction. |
|
| 650 | 0 |
_aJudicial error _zSouth Carolina _vFiction. |
|
| 655 | 7 |
_aSuspense fiction. _2gsafd |
|
| 655 | 7 |
_aRomantic suspense fiction. _2gsafd |
|
| 710 | 2 |
_aCopyright Paperback Collection (Library of Congress) _5DLC |
|
| 942 |
_2lcc _cGEN |
||
| 999 |
_c12582 _d12582 |
||